00431nam a2200157Ia 45000010006000000050017000060080041000230410008000640820015000721000036000872450097001232600009002203000028002296500008002576540008002651881720260306171658.0260306s9999||||xx |||||||||||||| ||und|| aESP a658.5bM86 aMora García, Luis AnibaleAUT 0aIndicadores de la gestión logística:blos indicadores claves del desempeño logístico c2007 a124 páginas :c23 cm. aGEN aCAN